Responses for Show #3734 - Thursday, November 23, 2000

Contestants

[<< previous game]

Sabin Speiser, an internet consultant from San Francisco, California

Michelle Bowen-Ziecheck, a film student from Laurel, Maryland

Bob Ryan, a certified public accountant from Gig Harbor, Washington (whose 3-day cash winnings total $35,701)

[next game >>]

Jeopardy! Round responses

TURKEY, THE BIRD
1970s ALBUMS
CATHOLICISM
THE MOSTEST
PLAYS BY CHARACTERS
(Alex: We'll give you the characters.)
GIVING "THANK"S
    $100 6
Drumsticks

Bob
    $100 11
"Hotel California"

Michelle
    $100 26
England

Bob
    $100 16
The fittest

Michelle
    $100 21
Peter Pan

Sabin
    $100 1
"Thanks for the Memories"

Michelle
    $200 7
Charles Dickens

Michelle
    $200 12
Jim Croce

Michelle
    $200 27
Masonic lodges

Bob
    $200 17
Coldest place on Earth

Bob
    $200 22
A Streetcar Named Desire

Michelle
    $200 2
"Thank Heaven for Little Girls"

Michelle
    $300 8
(B: What is the breast?)

Beak/nose

BobSabin
    $300 13
(Michelle: Who are the Bee Gees?)

The Rolling Stones

Michelle
Triple Stumper
    $300 28
The Vatican

Sabin
    $300 18
"The Sexiest Man Alive"

Sabin
    $300 23
Little Shop of Horrors

Michelle
    $300 3
"Thank God Almighty"

Michelle
    $400 9
Turkey-Lurkey

Sabin
    $700 14
Elvis Presley

Michelle
    $400 29
(S: Who is John Paul the Second?)

John Cardinal O'Connor

Sabin
Triple Stumper
    $400 19
"The Greatest Love of All"

Michelle
    $400 24
Amadeus

Sabin
    $400 4
"Thank God I'm A Country Boy"

Bob
    $500 10
Butterball

Bob
    $500 15
Pearl

Triple Stumper
    $500 30
(Bob: Who is Saint Augustine?)

Saint Thomas Aquinas

Bob
Triple Stumper
    $500 20
(Bob: What is the cruelest?)

the most unkindest cut

Bob
Triple Stumper
    $500 25
Guys and Dolls

Michelle
    $500 5
Thank God It's Friday

Triple Stumper

Scores at the first commercial break (after clue 14):

Bob Michelle Sabin
$700 $1,500 $700

Scores at the end of the Jeopardy! Round:

Bob Michelle Sabin
$200 $3,000 $1,400

Double Jeopardy! Round responses

TURKMENISTAN, THE COUNTRY
MAGAZINES
MUSICAL DICTIONARY
ACRONYMS
INTERNATIONAL STARS
(Alex: You give the country of birth.)
THE HISTORY CHANNEL
(Alex: In particular, we are going to deal with clues about their Founding Fathers series.)
    $200 21
the 1990s

Michelle
    $200 2
The New York Times

Michelle
    $200 26
a melody

Bob
    $200 7
simple

Bob
    $200 12
(Michelle: What is Mexico?)

Spain

MichelleSabin
    $200 1
Paul Revere

Michelle
    $400 22
(Michelle: What is Greek?)
(Bob: What is Hindu?)

Arabic

BobMichelleSabin
    $400 3
(Michelle: What is Cliffs?)
(Bob: What are CliffNotes?)

Crib Notes

BobMichelle
Triple Stumper
    $400 27
Clef

Michelle
    $400 8
COBRA

Sabin
    $400 13
Austria

Bob
    $400 17
Benjamin Franklin

Sabin
    $600 23
Cotton

Bob
    $600 4
Sports Illustrated

Michelle
    $600 28
Wales

Michelle
    $600 9
particle

Sabin
    $1,000 14
Mexico

Bob
    $600 18
James Woods

Bob
    $800 24
the ruble

Michelle
    $800 5
Michael Jackson

Michelle
    $800 29
(Bob: What is the...)

the bell

BobSabin
    $800 10
Standard Oil

Sabin
    $800 15
Belgium

Michelle
    $800 19
(Bob: What is "Common Sense" by Thomas Paine?)
[Originally accepted as correct, reversed after clue 25]

Thomas Paine ("The American Crisis")

Bob
Triple Stumper
    $1000 25
(Alex: [To Bob] But before you make your next selection, I have some bad news for you. The response you gave a while ago about Thomas Paine was correct, but you added incorrect information. You said it was from "Common Sense", and it was from "The American Crisis". So, we give you $1,000 now, but you lose $1,600. So, you're at $4,400, but you get to pick.)

the Caspian Sea

Bob
    $1,100 6
The Economist

Michelle
    $1000 30
philharmonic

Michelle
    $1000 11
the Manhattan Bridge

Michelle
    $1000 16
(Michelle: What is England?)
(Sabin: What is the United States?)

Israel

BobMichelleSabin
    $1000 20
Samuel Adams

Bob

Scores at the end of the Double Jeopardy! Round:

Bob Michelle Sabin
$3,800 $8,700 $4,000
(lock game)

[wagering suggestions for these scores]

Final Jeopardy! Round responses

STATE CAPITALS
BobWhat is St. Paul?
$3,800
SabinWhat
$4,000
MichelleWhat is ?
$300
Springfield, Illinois

Final scores:

Bob Michelle Sabin
$0 $8,400 $0
3rd place: VocoPro Digital Karaoke System New champion: $8,400 2nd place: Trip to the Lucayan Resort on Grand Bahama Island

Game dynamics:

Coryat scores:

Bob Michelle Sabin
$3,400 $8,300 $4,000
15 R
(including 1 DD),
7 W
24 R
(including 2 DDs),
5 W
13 R,
2 W

Combined Coryat: $15,700

[game clues] [game scores] [suggest correction]

Game tape date: 2000-09-28
The J! Archive is created by fans, for fans. Scraping, republication, monetization, and malicious use prohibited; this site may use cookies and collect identifying information. See terms. The Jeopardy! game show and all elements thereof, including but not limited to copyright and trademark thereto, are the property of Jeopardy Productions, Inc. and are protected under law. This website is not affiliated with, sponsored by, or operated by Jeopardy Productions, Inc. Join the discussion at JBoard.tv.